Practicum In Social Work and Social Development : (Record no. 77576)
[ view plain ]
| 000 -LEADER | |
|---|---|
| fixed length control field | 00851nam a2200241 a 4500 |
| 001 - CONTROL NUMBER | |
| control field | 77576 |
| 003 - CONTROL NUMBER IDENTIFIER | |
| rucl marc code | BD-RjUL |
| 005 - DATE AND TIME OF LATEST TRANSACTION | |
| control field | 20211209083008.0 |
| 008 - FIXED-LENGTH DATA ELEMENTS--GENERAL INFORMATION | |
| fixed length control field | 201130s2019 bg ||||| |||| 00| 0 eng d |
| 020 ## - INTERNATIONAL STANDARD BOOK NUMBER | |
| International Standard Book Number | 9789843472137 |
| 035 ## - SYSTEM CONTROL NUMBER | |
| System control number | (BD-RjUL)77802 |
| 040 ## - CATALOGING SOURCE | |
| Original cataloging agency | BD-RjUL |
| Language of cataloging | eng |
| Transcribing agency | BD-RjUL |
| 041 ## - LANGUAGE CODE | |
| Language code of text/sound track or separate title | eng |
| 082 ## - DEWEY DECIMAL CLASSIFICATION NUMBER | |
| Edition number | 23 |
| Classification number | 361.3076 |
| Author mark and year | SAP 2019 |
| 100 ## - MAIN ENTRY--PERSONAL NAME | |
| Personal name | Sarker, Profulla C. |
| 9 (RLIN) | 242175 |
| 245 10 - TITLE STATEMENT | |
| Title | Practicum In Social Work and Social Development : |
| Remainder of title | Practice Learning Process / |
| Statement of responsibility, etc. | Profulla C. Sarker, M. Shahinoor Rahman |
| 260 ## - PUBLICATION, DISTRIBUTION, ETC. (IMPRINT) | |
| Place of publication, distribution, etc. | Dhaka : |
| Name of publisher, distributor, etc. | Center for Research, Knowledge Management & Human Resource Development, Royal University of Dhaka, |
| Date of publication, distribution, etc. | 2019 |
| 300 ## - PHYSICAL DESCRIPTION | |
| Pagination | xii,171 p. : |
| Illustrations | ill.; |
| Size | 24 cm. |
| 504 ## - BIBLIOGRAPHY, ETC. NOTE | |
| Bibliography, etc | Includes index and reference. |
| 650 ## - SUBJECT ADDED ENTRY--TOPICAL TERM | |
| Topical term or geographic name as entry element | Social work education |
| 9 (RLIN) | 242176 |
| 700 ## - ADDED ENTRY--PERSONAL NAME | |
| Personal name | Rahman, M. Shahinoor |
| 942 ## - ADDED ENTRY ELEMENTS (KOHA) | |
| Source of classification or shelving scheme | Dewey Decimal Classification |
| Koha item type | Books |
| Lost status | Source of classification or shelving scheme | Damaged status | Not for loan | Collection code | Permanent Location | Current Location | Shelving location | Date acquired | Source of acquisition | Cost, normal purchase price | Total Checkouts | Full call number | Date last seen | Copy number | Koha item type |
|---|---|---|---|---|---|---|---|---|---|---|---|---|---|---|---|
| Dewey Decimal Classification | Non-fiction | Central Library, University of Rajshahi | Central Library, University of Rajshahi | 19/11/2020 | Dhaka :Royal University of Dhaka | 585.00 | 361.3076 SAP 2019 | 30/11/2020 | C-2 | Books | |||||
| Dewey Decimal Classification | Non-fiction | Central Library, University of Rajshahi | Central Library, University of Rajshahi | 19/11/2020 | Dhaka :Royal University of Dhaka | 585.00 | 361.3076 SAP 2019 | 30/11/2020 | C-3 | Books | |||||
| Dewey Decimal Classification | Non-fiction | Central Library, University of Rajshahi | Central Library, University of Rajshahi | 19/11/2020 | Dhaka :Royal University of Dhaka | 585.00 | 361.3076 SAP 2019 | 30/11/2020 | C-4 | Books | |||||
| Dewey Decimal Classification | Non-fiction | Central Library, University of Rajshahi | Central Library, University of Rajshahi | 19/11/2020 | Dhaka :Royal University of Dhaka | 585.00 | 361.3076 SAP 2019 | 30/11/2020 | C-5 | Books | |||||
| Dewey Decimal Classification | Not For Loan | Non-fiction | Central Library, University of Rajshahi | Central Library, University of Rajshahi | Reading Room | 19/11/2020 | Dhaka :Royal University of Dhaka | 585.00 | 361.3076 SAP 2019 | 30/11/2020 | C-1 | Books |